000
00220nam a22000857a 4500
008
160718b xxu||||| |||| 00| 0 eng d
100
_9
3010
_a
Brien, D
245
_a
G.K - Sports and Cinema
260
_a
New Delhi
_b
Penguin
_c
2004
999
_c
2573
_d
2573